000 00422nam a22001577a 4500
005 20240802091458.0
008 240802b |||||||| |||| 00| 0 eng d
041 _aEnglish
082 _a349 NAT
100 _lEnglish
245 _aNatal Law Reports
260 _aPietermaritzburg:
_bNatal,
_c1889
300 _bx, 195 pages;
_c25 cm.
650 _aLegal practice
_bLaw
942 _cBK
_6ALISON_BN_VRIES
999 _c2382
_d2382